000 00481nam a2200181Ia 4500
003 GCL
008 140319s9999 xx 000 0 ara d
040 _aGCL /
_cGCL
082 0 4 _a907.2
_bح ن
100 1 _aحسين نصار
245 1 0 _aنشأة التدوين التاريخى عند العرب /
_cحسين نصار
300 _a80 ص
490 _a
650 0 4 _aالكتابة
650 0 4 _aالتاريخ
650 0 4 _aالمؤرخون العرب
942 _2ddc
_cBK
999 _c38184
_d38184